000 01087nam0a22002891 4500
001 rc\4258883
005 20130416115311.9
021 _aRU
_b89-ВП-5400/19
021 _aRU
_b89-ВП-5400/20
021 _aRU
_bРГ-1245
035 _a(NLR Aleph) 008237028
090 _a8253349
_c8253349
100 _a20130416d1966 |||y0rusy50 ca
101 0 _arus
102 _aRU
105 _aa z |||||
200 1 _aБелоцерковский комбинат шин и резиноасбестовых изделий - большая стройка пятилетки
_f[Сост. С.И. Ващец]
210 _aКиев
_cОтд. техн. информ.
_d1966
215 _a7 с.
_cил.
_d20
225 1 _aТехническая информация
_fМ-во стр-ва УССР. Главкиевстрой, Киеворгтехстрой
702 1 _aВащец
_bС. И.
_4220
712 0 2 _a"Киеворгтехстрой", трест
_3RU\NLR\AUTH\8810160248
801 0 _aRU
_bNLR
_gpsbo
801 1 _aRU
_bELAR
_2rusmarc
852 _aNLR
_j89-4/20974
942 _cBOOK
980 _aNB